Microsoft Excel 5 for Windows step by step / (Record no. 13727)

000 -LEADER
fixed length control field 00560cam a2200193 a 4500
020 ## - INTERNATIONAL STANDARD BOOK NUMBER
ISBN 1556155875
040 ## - CATALOGING SOURCE
Transcribing agency DLC
082 00 - DEWEY DECIMAL CLASSIFICATION NUMBER
Classification number 650 MIC 1994 A046 Or.
245 00 - TITLE STATEMENT
Title Microsoft Excel 5 for Windows step by step /
260 ## - PUBLICATION, DISTRIBUTION, ETC. (IMPRINT)
Place of publication Redmond, Wash. :
Name of publisher Microsoft Press,
Year of publication c1994.
300 ## - PHYSICAL DESCRIPTION
Number of Pages xxxii, 330 p. :
Other physical details ill. ;
Dimensions 24 cm. +
Accompanying material 1 computer disk (3 1/2 in.)
490 1# - SERIES STATEMENT
Series statement Step by step
500 ## - GENERAL NOTE
General note Includes index.
650 #0 - SUBJECT ADDED ENTRY--TOPICAL TERM
Topical Term Business
650 #0 - SUBJECT ADDED ENTRY--TOPICAL TERM
Topical Term Electronic spreadsheets.
650 #0 - SUBJECT ADDED ENTRY--TOPICAL TERM
Topical Term Windows (Computer programs)
710 2# - ADDED ENTRY--CORPORATE NAME
Corporate name or jurisdiction name as entry element Catapult, Inc.
942 ## - ADDED ENTRY ELEMENTS (KOHA)
Koha item type សៀវភៅភាសាអង់គ្លេស
952 ## - LOCATION AND ITEM INFORMATION (KOHA)
Withdrawn status [LOCAL, KOHA] 0
Holdings
Permanent Location Date acquired Koha item type Lost status Shelving location Barcode Current Location Full call number
Library Block A2017-08-30សៀវភៅភាសាអង់គ្លេស A046A19989Library Block A650 MIC 1994 A046 Or.
មជ្ឈមណ្ឌលឯការនៃសាកលវិទ្យាល័យភូមិន្ទកសិកម្មចំការដូង

Powered by Koha